Modeling, analysis, design and control of stochastic system

Αποθηκεύτηκε σε:
Λεπτομέρειες βιβλιογραφικής εγγραφής
Κύριος συγγραφέας: Kulkarni, Vidyadhar G.
Μορφή: Βιβλίο
Γλώσσα:English
Δημοσίευση: New York : Springer, c1999
Σειρά:Springer texts in statistics
Θέματα:
Ετικέτες: Προσθήκη ετικέτας
Δεν υπάρχουν, Καταχωρήστε ετικέτα πρώτοι!

MARC

LEADER 00000nam a2200000 i 4500
001 1/34506
008 030313s1999 eng d
020 |a 0-387-98725-8 
035 |l 10069707 
040 |a GR-MY-UA  |b gre  |e aacr 
041 0 |a eng 
100 1 |a Kulkarni, Vidyadhar G. 
245 1 0 |a Modeling, analysis, design and control of stochastic system /  |c V.G. Kulkarni 
260 |a New York :   |b Springer,   |c c1999 
300 |a xiv, 374 p.;  |b ill.;  |c 25 cm. 
490 1 |a Springer texts in statistics 
504 |a Includes bibliographical references and index 
650 0 0 |a Stochastic processes. 
830 0 |a Springer texts in statistics 
852 |a INST  |b SAMOS  |e 20030313  |h 519.23 KUL  |p 005300024200  |q 005300024200  |t BK  |y 0 
901 |a BIBL3-2003-1 
909 |a Σ  |b 104224 
922 |a 3ΕΛΗ  |b 200202  |c ΤΣΑΕ  |d LEADER 
950 |a 184-2002-10-17 
970 |a ΚΟΣΙΕΡΗΣ  |b ΧΡΗΣΤΟΣ  |z 2003/03/13